[Event "Ch BLR U20 b"]
[Site "?"]
[Date "2012.04.12"]
[Round "6.4"]
[White "Grib, Roman"]
[Black "Tsyhanchuk, Stanislav"]
[Result "1/2-1/2"]
[WhiteElo "2305"]
[BlackElo "2326"]
[PlyCount "178"]
[EventDate "2012.04.07"]
[SourceDate "2012.04.07"]

1. d4 Nf6 2. Nc3 e6 3. e4 d5 4. Bg5 Be7 5. e5 Nfd7 6. Bxe7 Qxe7 7. f4 a6 8. Nf3
c5 9. dxc5 Nxc5 10. Qd2 Nc6 11. Bd3 b5 12. O-O b4 13. Ne2 O-O 14. Qe3 Nxd3 15.
cxd3 d4 16. Nexd4 Qa7 17. Nc2 Rd8 18. Rfd1 Qd7 19. Ng5 Bb7 20. Qe4 g6 21. Qe1
Nd4 22. Ne3 h6 23. Ng4 Kg7 24. Qh4 Nf5 25. Nxe6+ Qxe6 26. Qf2 Qd5 27. d4 Qe4
28. Nf6 Qe3 29. d5 Rac8 30. Rd2 Rc4 31. g3 Rdc8 32. Qxe3 Nxe3 33. Re1 Nf5 34.
Kf2 g5 35. d6 gxf4 36. Nh5+ Kf8 37. Nxf4 Rd4 38. Ree2 Rxd2 39. Rxd2 Ng7 40. Ke3
Ne6 41. h4 a5 42. Rd1 a4 43. Rd3 Ba6 44. Rd5 Bc4 45. Nxe6+ fxe6 46. Rd4 Bxa2
47. Rxb4 Bb3 48. g4 Ke8 49. g5 hxg5 50. hxg5 Kf7 51. Rb7+ Kg6 52. d7 Rd8 53.
Kd4 Bd5 54. Rc7 Kf7 55. g6+ Kxg6 56. Kc5 Kf5 57. Kd6 Ke4 58. Rc1 Kd4 59. Rd1+
Ke4 60. Re1+ Kd3 61. Ke7 Rb8 62. d8=Q Rxd8 63. Kxd8 Kc2 64. Re2+ Kb1 65. Kd7
Bb3 66. Kd6 Bc2 67. Kxe6 Kxb2 68. Kd6 a3 69. e6 a2 70. e7 a1=Q 71. e8=Q Qa6+
72. Kc5 Qa3+ 73. Kb6 Qd6+ 74. Qc6 Qd4+ 75. Ka5 Qa7+ 76. Qa6 Qxa6+ 77. Kxa6 Kb3
78. Kb6 Bb1 79. Kc5 Bf5 80. Re3+ Kb2 81. Kc4 Bg6 82. Re2+ Ka1 83. Kb3 Bf7+ 84.
Kc2 Bg6+ 85. Kc1 Bf7 86. Re7 Ba2 87. Kc2 Bb1+ 88. Kb3 Ba2+ 89. Ka3 Bb1 1/2-1/2

[Event "Ch BLR U20 b"]
[Site "?"]
[Date "2012.04.12"]
[Round "6.5"]
[White "Siagodnik, Anton"]
[Black "Meribanov, Vitaly"]
[Result "0-1"]
[WhiteElo "2182"]
[BlackElo "2325"]
[PlyCount "138"]
[EventDate "2012.04.07"]
[SourceDate "2012.04.07"]

1. c4 Nf6 2. Nc3 c5 3. g3 g6 4. Bg2 Bg7 5. Nf3 Nc6 6. O-O O-O 7. d4 cxd4 8.
Nxd4 Nxd4 9. Qxd4 d6 10. b3 Bf5 11. Bb2 Ne4 12. Qe3 Nxc3 13. Bxc3 Bxc3 14. Qxc3
Qc7 15. Qd4 a6 16. Rad1 Rab8 17. e4 Bg4 18. f3 Be6 19. f4 Rfd8 20. f5 Bd7 21.
Rd2 Rbc8 22. Rdf2 Qc5 23. Qc3 b5 24. Kh1 Rf8 25. Bh3 f6 26. Qd2 Kg7 27. Re1 Qe5
28. Bg2 bxc4 29. bxc4 Rc7 30. fxg6 hxg6 31. Qd5 Rfc8 32. Qxe5 fxe5 33. Rc2 Rc5
34. Bf1 Rb8 35. Kg2 Rb4 36. Kf2 Ra4 37. Bd3 Ra3 38. Ke2 Rca5 39. Ra1 Ba4 40.
Rb2 Bc6 41. Kd2 Kh6 42. Bc2 Rc5 43. Bb3 Bxe4 44. Kc3 Raa5 45. Kb4 Bf5 46. Rc1
Kg7 47. Rd2 e4 48. Re1 Re5 49. Rde2 Rac5 50. Bc2 Be6 51. Bb3 Bf5 52. Bc2 Be6
53. Bb3 a5+ 54. Ka4 Bxc4 55. Rxe4 Rxe4 56. Rxe4 Bxb3+ 57. axb3 e5 58. Re2 Kf6
59. Rf2+ Ke7 60. Re2 Ke6 61. h4 d5 62. g4 d4 63. h5 gxh5 64. gxh5 d3 65. Rh2
Rd5 66. Rd2 e4 67. h6 Kf7 68. Rd1 e3 69. Rg1 e2 0-1

[Event "Ch BLR U20 b"]
[Site "?"]
[Date "2012.04.11"]
[Round "5.1"]
[White "Siagodnik, Anton"]
[Black "Biazliudau, Stanislau"]
[Result "1/2-1/2"]
[WhiteElo "2182"]
[BlackElo "2192"]
[PlyCount "81"]
[EventDate "2012.04.07"]
[SourceDate "2012.04.07"]

1. c4 Nf6 2. Nc3 g6 3. g3 Bg7 4. Bg2 O-O 5. d4 d6 6. Nf3 Nc6 7. O-O a6 8. Nd5
Bg4 9. Ne3 Bxf3 10. Bxf3 Nd7 11. d5 Ncb8 12. Qc2 a5 13. Bd2 Nc5 14. Bc3 e5 15.
dxe6 fxe6 16. Bxg7 Kxg7 17. Rad1 Nc6 18. Ng4 h5 19. Qc3+ e5 20. Bxc6 hxg4 21.
Bg2 Qg5 22. f4 gxf3 23. exf3 Qf6 24. Rde1 Rfe8 25. Re3 Na4 26. Qc2 Nc5 27. Rfe1
Re7 28. Qc3 b6 29. f4 e4 30. Kf2 Rf8 31. Qxf6+ Kxf6 32. Ke2 c6 33. Rd1 Rd8 34.
Rd4 d5 35. b3 Red7 36. Ke1 Rd6 37. Re2 Ne6 38. Rd1 Nc5 39. Rd4 Ne6 40. Rd1 Nc5
41. Rd4 1/2-1/2

[Event "Ch BLR U20 b"]
[Site "?"]
[Date "2012.04.11"]
[Round "5.2"]
[White "Sheremet, Anton"]
[Black "Ziaziulkina, Nastassia"]
[Result "1/2-1/2"]
[WhiteElo "2120"]
[BlackElo "2343"]
[PlyCount "60"]
[EventDate "2012.04.07"]
[SourceDate "2012.04.07"]

1. d4 Nf6 2. Nf3 e6 3. c4 b6 4. Nc3 Bb7 5. g3 Be7 6. Bg2 O-O 7. O-O Na6 8. Re1
d5 9. cxd5 exd5 10. Ne5 c5 11. Bf4 Ne4 12. dxc5 Naxc5 13. Nxe4 Nxe4 14. Rc1 Re8
15. Nd3 Bf6 16. Qa4 g5 17. Be3 d4 18. Bd2 a5 19. Rc2 Ba6 20. Qb3 Ra7 21. Rec1
Rae7 22. Bf1 Bb7 23. Be1 Nd6 24. a4 Nf5 25. Qb5 Be4 26. Rc8 Qxc8 27. Rxc8 Rxc8
28. Qxb6 Bxd3 29. exd3 Rxe1 30. Qxf6 Ng7 1/2-1/2

[Event "Ch BLR U20 b"]
[Site "?"]
[Date "2012.04.11"]
[Round "5.3"]
[White "Kocheev, Aleksandr"]
[Black "Harshkou, Mikita"]
[Result "0-1"]
[WhiteElo "2347"]
[BlackElo "2193"]
[PlyCount "62"]
[EventDate "2012.04.07"]
[SourceDate "2012.04.07"]

1. e4 e6 2. d4 d5 3. Nc3 Nf6 4. Bg5 dxe4 5. Nxe4 Be7 6. Bxf6 gxf6 7. Nf3 f5 8.
Nc3 a6 9. d5 Bf6 10. Bc4 b5 11. Bb3 c5 12. dxc6 Nxc6 13. O-O Bb7 14. Qe2 O-O
15. Rad1 Qc7 16. Qe3 Ne5 17. Nd4 Kh8 18. f3 Rg8 19. Nce2 Ng6 20. Kh1 Rad8 21.
c3 Be5 22. Qh6 Rg7 23. Bxe6 fxe6 24. Nxe6 Rxd1 25. Rxd1 Rd7 26. Nxc7 Rxd1+ 27.
Ng1 Bf4 28. Qh5 Be3 29. h3 Rxg1+ 30. Kh2 Rxg2+ 31. Kh1 Rg5 0-1

[Event "Ch BLR U20 b"]
[Site "?"]
[Date "2012.04.11"]
[Round "5.4"]
[White "Tsyhanchuk, Stanislav"]
[Black "Kovalev, Vladislav"]
[Result "1/2-1/2"]
[WhiteElo "2326"]
[BlackElo "2477"]
[PlyCount "71"]
[EventDate "2012.04.07"]
[SourceDate "2012.04.07"]

1. d4 Nf6 2. c4 g6 3. Nc3 Bg7 4. e4 d6 5. Nf3 O-O 6. h3 c5 7. dxc5 dxc5 8. Qxd8
Rxd8 9. Be3 b6 10. Rd1 Nfd7 11. Nd5 Nc6 12. Rd2 Bb7 13. Be2 Rac8 14. O-O e6 15.
Nc3 Nde5 16. Rfd1 Nxf3+ 17. gxf3 Nd4 18. Kf1 a6 19. f4 Bc6 20. h4 Rd7 21. h5
Rcd8 22. hxg6 hxg6 23. f3 f5 24. e5 Kf7 25. b4 Bf8 26. b5 axb5 27. cxb5 Bd5 28.
Bxd4 cxd4 29. Rxd4 Bc5 30. R4d3 Bb4 31. Nxd5 Rxd5 32. Rxd5 Rxd5 33. Rxd5 exd5
34. Kf2 Ba3 35. Bd1 Ke6 36. Bb3 1/2-1/2

[Event "Ch BLR U20 b"]
[Site "?"]
[Date "2012.04.11"]
[Round "5.5"]
[White "Meribanov, Vitaly"]
[Black "Grib, Roman"]
[Result "1-0"]
[WhiteElo "2325"]
[BlackElo "2305"]
[Annotator ",USER"]
[PlyCount "91"]
[EventDate "2012.04.07"]
[SourceDate "2012.04.07"]

1. e4 e5 2. Nf3 Nf6 3. Nxe5 d6 4. Nf3 Nxe4 5. Nc3 Nxc3 6. dxc3 Be7 7. Be3 O-O
8. Qd2 Nd7 9. O-O-O Nc5 10. h4 Bg4 11. Be2 Bf6 12. Ng5 Bxe2 13. Qxe2 Qe7 14.
Qh5 h6 15. Bxc5 dxc5 16. Rhe1 Bxg5+ 17. hxg5 Qxg5+ 18. Qxg5 hxg5 19. Rd7 Rae8
20. Rxe8 Rxe8 21. Rxc7 Re2 22. Rxc5 Rxf2 23. Rxg5 f6 24. Rg3 Kf7 25. b4 g5 26.
c4 Ke6 27. Kb2 Ke5 28. c5 Kf4 29. Ra3 a6 30. c6 bxc6 31. Rxa6 Rxg2 32. Rxc6 Ke5
33. b5 Rd2 34. a4 g4 35. b6 Rd8 36. a5 g3 37. Rc3 Kf4 38. Rxg3 Kxg3 39. b7 f5
40. a6 Rb8 41. Kc3 f4 42. a7 Rxb7 43. a8=Q Re7 44. Qg8+ Kf3 45. Qg5 Re1 46. Kd2
{...} 1-0

[Event "Ch BLR U20 b"]
[Site "?"]
[Date "2012.04.13"]
[Round "7.1"]
[White "Meribanov, Vitaly"]
[Black "Biazliudau, Stanislau"]
[Result "1/2-1/2"]
[WhiteElo "2325"]
[BlackElo "2192"]
[PlyCount "120"]
[EventDate "2012.04.07"]
[SourceDate "2012.04.07"]

1. e4 e6 2. d4 d5 3. Nd2 Nf6 4. e5 Nfd7 5. Bd3 c5 6. c3 Nc6 7. Ne2 Qb6 8. Nf3
f6 9. exf6 Nxf6 10. O-O Bd6 11. Rb1 O-O 12. b4 c4 13. Bc2 Qc7 14. Bg5 Bd7 15.
Bh4 b5 16. a4 a5 17. axb5 Na7 18. b6 Qxb6 19. bxa5 Qxa5 20. Ne5 Qc7 21. Bg3 Nc6
22. Nxd7 Nxd7 23. Ra1 Rab8 24. Qd2 Rb6 25. Rfb1 Rfb8 26. Nf4 Rxb1+ 27. Rxb1
Rxb1+ 28. Bxb1 Nf8 29. Nh5 Bxg3 30. hxg3 Qe7 31. Qb2 Nd8 32. Bc2 Nf7 33. Nf4
Nd6 34. Qb8 Nf7 35. Bd1 Nd6 36. Bg4 Kf7 37. Bh5+ g6 38. Bf3 Qd7 39. Qb4 Qe7 40.
Kh2 Ne4 41. Qxe7+ Kxe7 42. Bxe4 dxe4 43. Kg1 Nd7 44. Kf1 Nf6 45. Ke2 g5 46. Nh3
h6 47. f3 exf3+ 48. gxf3 Nd5 49. Kd2 Kf6 50. g4 e5 51. Nf2 exd4 52. cxd4 Kg6
53. Ne4 h5 54. gxh5+ Kxh5 55. Nd6 c3+ 56. Kd3 g4 57. fxg4+ Kxg4 58. Nb5 Kf5 59.
Nxc3 Nb4+ 60. Kc4 Nc2 1/2-1/2

[Event "Ch BLR U20 b"]
[Site "?"]
[Date "2012.04.13"]
[Round "7.2"]
[White "Kocheev, Aleksandr"]
[Black "Kovalev, Vladislav"]
[Result "0-1"]
[WhiteElo "2347"]
[BlackElo "2477"]
[PlyCount "58"]
[EventDate "2012.04.07"]
[SourceDate "2012.04.07"]

1. e4 c5 2. Nf3 g6 3. c3 Bg7 4. d4 cxd4 5. cxd4 d5 6. e5 Nc6 7. Nc3 Bg4 8. Be3
Nh6 9. Qb3 Bxf3 10. Qxb7 Nxd4 11. Bxd4 Nf5 12. Bc5 O-O 13. gxf3 Bxe5 14. Rd1 e6
15. Bxf8 Rb8 16. Qa6 Qxf8 17. f4 Rxb2 18. fxe5 Qc5 19. Rd2 Qxc3 20. Qd3 Qb4 21.
Be2 Rxa2 22. Rg1 Ra3 23. Qc2 Ra1+ 24. Bd1 Nd4 25. Qc8+ Kg7 26. Rg3 Nb3 27. Qc3
Qe4+ 28. Re3 Qh1+ 29. Ke2 Nc1+ 0-1

[Event "Ch BLR U20 b"]
[Site "?"]
[Date "2012.04.13"]
[Round "7.3"]
[White "Harshkou, Mikita"]
[Black "Ziaziulkina, Nastassia"]
[Result "1/2-1/2"]
[WhiteElo "2193"]
[BlackElo "2343"]
[PlyCount "89"]
[EventDate "2012.04.07"]
[SourceDate "2012.04.07"]

1. e3 c5 2. f4 g6 3. Nf3 Bg7 4. d3 Nc6 5. Nc3 e6 6. Be2 Nge7 7. O-O O-O 8. Qe1
d5 9. e4 Nd4 10. Bd1 Nec6 11. Kh1 b6 12. Nxd4 cxd4 13. Ne2 dxe4 14. dxe4 f5 15.
e5 Bb7 16. c3 Rc8 17. Bb3 Re8 18. Qf2 d3 19. Rd1 Ba6 20. Be3 Qc7 21. Nc1 Rcd8
22. Bd4 Nxd4 23. cxd4 Qd7 24. d5 exd5 25. Qd4 Qe6 26. Nxd3 Bc4 27. Nb4 Bxb3 28.
axb3 Rd7 29. Rac1 Red8 30. Rc6 Qe8 31. Rdc1 Bf8 32. Na6 Qe7 33. h3 Bg7 34. Nc7
Bh6 35. Ne6 Re8 36. Nc7 Red8 37. R1c2 Qh4 38. e6 Re7 39. Nxd5 Qe1+ 40. Kh2
Bxf4+ 41. Qxf4 Rxd5 42. Qa4 Kg7 43. Qc4 Qe5+ 44. g3 Rxe6 45. Rc7+ 1/2-1/2

[Event "Ch BLR U20 b"]
[Site "?"]
[Date "2012.04.13"]
[Round "7.4"]
[White "Sheremet, Anton"]
[Black "Grib, Roman"]
[Result "0-1"]
[WhiteElo "2120"]
[BlackElo "2305"]
[PlyCount "78"]
[EventDate "2012.04.07"]
[SourceDate "2012.04.07"]

1. d4 e6 2. Nf3 Nf6 3. c4 d5 4. Nc3 dxc4 5. e3 a6 6. Bxc4 b5 7. Bd3 Bb7 8. O-O
c5 9. a3 Nbd7 10. Bc2 Rc8 11. dxc5 Nxc5 12. Qe2 Bd6 13. e4 Ng4 14. Be3 Qc7 15.
h3 Nxe3 16. Qxe3 Nd7 17. Rad1 Bxa3 18. bxa3 Qxc3 19. Qf4 Qc7 20. Qd2 Nb6 21.
Bd3 O-O 22. Qb4 Na4 23. Rc1 Qf4 24. Rxc8 Rxc8 25. Re1 h6 26. Qd4 Qc7 27. Re3
Qd8 28. Qe5 Rc1+ 29. Bf1 Qc7 30. Qd4 Rc3 31. Re1 Rxa3 32. Ne5 Rc3 33. Ng4 Qb6
34. Qe5 Qc5 35. Qb8+ Qc8 36. Qd6 Rc5 37. Qd4 Qc7 38. e5 h5 39. Ne3 Rxe5 0-1

[Event "Ch BLR U20 b"]
[Site "?"]
[Date "2012.04.13"]
[Round "7.5"]
[White "Tsyhanchuk, Stanislav"]
[Black "Siagodnik, Anton"]
[Result "1-0"]
[WhiteElo "2326"]
[BlackElo "2182"]
[PlyCount "89"]
[EventDate "2012.04.07"]
[SourceDate "2012.04.07"]

1. d4 Nf6 2. c4 d5 3. Nc3 g6 4. Nf3 Bg7 5. Qb3 c6 6. cxd5 cxd5 7. Bg5 e6 8. e3
O-O 9. Bd3 Nc6 10. O-O h6 11. Bh4 g5 12. Bg3 Nh5 13. Rac1 Nxg3 14. hxg3 f5 15.
Na4 Qe7 16. a3 f4 17. gxf4 gxf4 18. Bb1 Rf7 19. Qd3 e5 20. dxe5 Nxe5 21. Nxe5
Qxe5 22. exf4 Qxf4 23. Qxd5 Bd4 24. Rc4 Bxf2+ 25. Kh1 Qg5 26. Qxf7+ Kxf7 27.
Rxf2+ Kg8 28. Nc5 b5 29. Rc3 Qh5+ 30. Kg1 Qd1+ 31. Rf1 Qd4+ 32. Kh1 Bg4 33.
Ba2+ Kh8 34. Nd3 Re8 35. Nf4 Bf5 36. Bf7 Re4 37. Rcf3 Qxb2 38. Bd5 Re8 39. Nh5
Re5 40. Bb3 Be4 41. Rf8+ Kh7 42. R1f7+ Kg6 43. Rg7+ Kxh5 44. Bd1+ Kh4 45. Rf4#
1-0

[Event "Ch BLR U20 b"]
[Site "?"]
[Date "2012.04.14"]
[Round "8.1"]
[White "Biazliudau, Stanislau"]
[Black "Ziaziulkina, Nastassia"]
[Result "1/2-1/2"]
[WhiteElo "2192"]
[BlackElo "2343"]
[PlyCount "85"]
[EventDate "2012.04.07"]
[SourceDate "2012.04.07"]

1. c4 Nf6 2. g3 c6 3. Bg2 d5 4. Qc2 Bg4 5. h3 Bh5 6. Nf3 Nbd7 7. d3 e5 8. O-O
Bd6 9. b3 O-O 10. Nc3 Re8 11. cxd5 Nxd5 12. Nxd5 cxd5 13. Nh4 Rc8 14. Qd1 e4
15. dxe4 Be5 16. Rb1 dxe4 17. Nf5 Nf6 18. Qxd8 Rcxd8 19. g4 Bg6 20. Nh4 Nd5 21.
Nxg6 hxg6 22. Bd2 Bf4 23. e3 Bd6 24. Rfd1 f5 25. Ba5 Nb6 26. Bxb6 axb6 27. a4
Bb4 28. Bf1 Kf7 29. Rbc1 Bc5 30. Bb5 Rh8 31. Kg2 Kf6 32. Be2 Rhe8 33. Rxd8 Rxd8
34. Rd1 Rxd1 35. Bxd1 b5 36. axb5 b6 37. Be2 Kg5 38. Bc4 f4 39. Bd5 fxe3 40.
fxe3 Bxe3 41. Bxe4 Bc5 42. Kg3 Bd6+ 43. Kf3 1/2-1/2

[Event "Ch BLR U20 b"]
[Site "?"]
[Date "2012.04.14"]
[Round "8.3"]
[White "Siagodnik, Anton"]
[Black "Sheremet, Anton"]
[Result "1-0"]
[WhiteElo "2182"]
[BlackElo "2120"]
[PlyCount "71"]
[EventDate "2012.04.07"]
[SourceDate "2012.04.07"]

1. Nf3 c5 2. c4 g6 3. g3 Nc6 4. Bg2 Bg7 5. O-O e6 6. Nc3 Nge7 7. d4 cxd4 8. Nb5
O-O 9. Nfxd4 d5 10. cxd5 exd5 11. Bf4 Nxd4 12. Nxd4 Nc6 13. Nb5 Be6 14. Nc7 g5
15. Nxe6 fxe6 16. Be3 h6 17. Qb3 Qe7 18. Rac1 Qf7 19. Bc5 Rfe8 20. f4 Bd4+ 21.
Bxd4 Nxd4 22. Qd3 Qg7 23. e3 Nf5 24. Bxd5 Nxe3 25. Bxb7 Qxb7 26. Qxe3 Qb6 27.
Rc5 Rac8 28. b4 Rxc5 29. bxc5 Qd8 30. c6 Qe7 31. fxg5 hxg5 32. Qe5 Rd8 33. c7
Re8 34. Rf6 Qg7 35. Rxe6 Qxe5 36. Rxe5 1-0

[Event "Ch BLR U20 b"]
[Site "?"]
[Date "2012.04.14"]
[Round "8.4"]
[White "Meribanov, Vitaly"]
[Black "Tsyhanchuk, Stanislav"]
[Result "1/2-1/2"]
[WhiteElo "2325"]
[BlackElo "2326"]
[PlyCount "53"]
[EventDate "2012.04.07"]
[SourceDate "2012.04.07"]

1. e4 Nf6 2. e5 Nd5 3. d4 d6 4. Nf3 dxe5 5. Nxe5 c6 6. Be2 Bf5 7. O-O Nd7 8.
Nf3 e6 9. c4 N5f6 10. Nc3 Bd6 11. h3 h6 12. Be3 O-O 13. Qd2 Ne4 14. Nxe4 Bxe4
15. Rfd1 Qf6 16. Qc3 Rfd8 17. Nd2 Bf5 18. Bf3 Qh4 19. b4 Nf6 20. a4 Rac8 21.
Qb2 Rd7 22. Be2 Bxh3 23. gxh3 Qxh3 24. Nf1 Ng4 25. Bxg4 Qxg4+ 26. Kh1 Qh3+ 27.
Kg1 1/2-1/2

[Event "Ch BLR U20 b"]
[Site "?"]
[Date "2012.04.14"]
[Round "8.5"]
[White "Grib, Roman"]
[Black "Kocheev, Aleksandr"]
[Result "1-0"]
[WhiteElo "2305"]
[BlackElo "2347"]
[PlyCount "129"]
[EventDate "2012.04.07"]
[SourceDate "2012.04.07"]

1. d4 d5 2. Nf3 Nf6 3. c4 dxc4 4. e3 Bg4 5. Bxc4 e6 6. h3 Bh5 7. Nc3 a6 8. O-O
Nc6 9. Be2 Bd6 10. b3 O-O 11. Bb2 Qe7 12. Nd2 Bg6 13. Nc4 Rad8 14. Nxd6 cxd6
15. d5 Nb4 16. e4 exd5 17. exd5 Nbxd5 18. Nxd5 Nxd5 19. Bf3 Nf4 20. Re1 Qg5 21.
h4 Qc5 22. Rc1 Qb6 23. Bd4 Qa5 24. Bc3 Qb6 25. Qd2 Nd3 26. h5 Nxe1 27. Rxe1
Rfe8 28. hxg6 hxg6 29. Rd1 Rc8 30. Bb2 a5 31. Bd5 Qb4 32. Bc4 Qxd2 33. Rxd2 Rc5
34. f3 b5 35. Bf1 Rec8 36. Bd3 Rd5 37. Kf1 Kf8 38. Rd1 Ke7 39. Ke2 Kd7 40. Rh1
a4 41. Rh7 Ke6 42. Rh4 a3 43. Re4+ Kd7 44. Bxg7 Rh5 45. Bf6 Re8 46. Rxe8 Kxe8
47. Bc3 Kd7 48. Bb4 Re5+ 49. Kd2 Kc6 50. Bxa3 Rg5 51. Bf1 Rd5+ 52. Ke2 Rh5 53.
Kd2 Rh1 54. Ke2 d5 55. Bb4 d4 56. Kf2 Rh8 57. Bd3 Re8 58. Be4+ Kb6 59. g4 Rh8
60. Ke2 Rh2+ 61. Kd3 Rxa2 62. Kxd4 Rb2 63. Bc5+ Kc7 64. b4 Kd7 65. Ke5 1-0

[Event "Ch BLR U20 b"]
[Site "?"]
[Date "2012.04.15"]
[Round "9.1"]
[White "Harshkou, Mikita"]
[Black "Grib, Roman"]
[Result "0-1"]
[WhiteElo "2193"]
[BlackElo "2305"]
[PlyCount "74"]
[EventDate "2012.04.07"]
[SourceDate "2012.04.07"]

1. e3 Nf6 2. f4 d6 3. Nf3 g6 4. Be2 Bg7 5. O-O O-O 6. d3 c5 7. e4 Nc6 8. Qe1 e5
9. f5 d5 10. Nc3 c4 11. Kh1 Nb4 12. Qd2 cxd3 13. cxd3 Nc6 14. Qe1 d4 15. Nb1
Ng4 16. Nxd4 Nxd4 17. Bxg4 Nc2 18. Qe2 Nxa1 19. Nc3 h5 20. Bh3 b6 21. Be3 Kh7
22. Rxa1 Qd6 23. Rd1 Bd7 24. Qf3 Rad8 25. f6 Bxf6 26. Bc1 Kg7 27. Nd5 Bc6 28.
Ne3 Qd4 29. g4 Bg5 30. gxh5 Bxe3 31. Bxe3 Bxe4 32. h6+ Kh7 33. dxe4 Qxd1+ 34.
Kg2 Qxf3+ 35. Kxf3 Rd3 36. Bg4 Rxe3+ 37. Kxe3 Kxh6 0-1

[Event "Ch BLR U20 b"]
[Site "?"]
[Date "2012.04.15"]
[Round "9.2"]
[White "Ziaziulkina, Nastassia"]
[Black "Kovalev, Vladislav"]
[Result "1/2-1/2"]
[WhiteElo "2343"]
[BlackElo "2477"]
[PlyCount "43"]
[EventDate "2012.04.07"]
[SourceDate "2012.04.07"]

1. e4 e5 2. Nf3 Nc6 3. Bb5 a6 4. Ba4 Nf6 5. O-O Be7 6. Re1 b5 7. Bb3 d6 8. c3
O-O 9. h3 Re8 10. d4 Bb7 11. Nbd2 Bf8 12. a3 h6 13. d5 Ne7 14. Nh2 c6 15. dxc6
Bxc6 16. Ng4 Nxg4 17. hxg4 d5 18. g5 hxg5 19. Qh5 g6 20. Qxg5 Bg7 21. Rd1 Qc7
22. Qh4 1/2-1/2

[Event "Ch BLR U20 b"]
[Site "?"]
[Date "2012.04.15"]
[Round "9.3"]
[White "Kocheev, Aleksandr"]
[Black "Siagodnik, Anton"]
[Result "1-0"]
[WhiteElo "2347"]
[BlackElo "2182"]
[PlyCount "109"]
[EventDate "2012.04.07"]
[SourceDate "2012.04.07"]

1. e4 e5 2. Nf3 d6 3. d4 Nf6 4. Nc3 Nbd7 5. Bc4 Be7 6. Ng5 O-O 7. Bxf7+ Rxf7 8.
Ne6 Qe8 9. Nxc7 Qd8 10. Nxa8 b5 11. dxe5 Nxe5 12. Nd5 Nxd5 13. Qxd5 Bf8 14. Be3
Bb7 15. Qxb5 Bxe4 16. O-O-O Qxa8 17. f3 Nxf3 18. gxf3 Bxf3 19. Rhe1 Bxd1 20.
Rxd1 Qe4 21. Qd3 Qe6 22. Qb3 Qh3 23. Bg1 Qh6+ 24. Kb1 Qh5 25. c3 Kh8 26. a4 h6
27. Ka2 a6 28. Bd4 Rf5 29. Rg1 Ra5 30. Qc2 Qf7+ 31. Kb1 Rh5 32. Qd3 Rxh2 33.
Rf1 Qe8 34. Qxa6 Qe4+ 35. Ka2 Qe6+ 36. Ka1 Be7 37. Qb5 Re2 38. a5 Re1+ 39. Rxe1
Qxe1+ 40. Ka2 Qe6+ 41. c4 Qe4 42. Bc3 Bg5 43. a6 Be3 44. Kb3 Qd3 45. Qd5 Qg6
46. a7 Bxa7 47. Qa8+ Kh7 48. Qxa7 h5 49. Qd4 Qg3 50. Qe4+ Kh6 51. Qe8 Qg6 52.
Qh8+ Qh7 53. Bxg7+ Kg6 54. Qxh7+ Kxh7 55. Bf6 1-0

[Event "Ch BLR U20 b"]
[Site "?"]
[Date "2012.04.15"]
[Round "9.4"]
[White "Sheremet, Anton"]
[Black "Meribanov, Vitaly"]
[Result "1/2-1/2"]
[WhiteElo "2120"]
[BlackElo "2325"]
[PlyCount "90"]
[EventDate "2012.04.07"]
[SourceDate "2012.04.07"]

1. e4 e5 2. Nf3 Nc6 3. Bc4 Bc5 4. c3 Nf6 5. d3 d6 6. Bb3 h6 7. h3 O-O 8. O-O a6
9. Nbd2 Ba7 10. Nc4 Be6 11. Be3 Re8 12. Bxa7 Rxa7 13. Ne3 d5 14. exd5 Nxd5 15.
d4 exd4 16. Nxd4 Nxe3 17. fxe3 Nxd4 18. exd4 Bxb3 19. Qxb3 Qd7 20. Rae1 b6 21.
Rxe8+ Qxe8 22. Qd5 Ra8 23. Rf5 Rd8 24. Re5 Qd7 25. Qxd7 Rxd7 26. Re8+ Kh7 27.
Kf2 a5 28. Ke3 Kg6 29. c4 Kf6 30. d5 Re7+ 31. Rxe7 Kxe7 32. Kd4 Kd6 33. b3 h5
34. a3 f6 35. b4 axb4 36. axb4 g6 37. c5+ bxc5+ 38. bxc5+ Ke7 39. Ke4 Kd7 40.
Kf4 Kc8 41. g4 h4 42. Ke4 Kd7 43. Kf4 Ke7 44. Ke4 Kd7 45. Kf4 Ke7 1/2-1/2

[Event "Ch BLR U20 b"]
[Site "?"]
[Date "2012.04.15"]
[Round "9.5"]
[White "Tsyhanchuk, Stanislav"]
[Black "Biazliudau, Stanislau"]
[Result "1/2-1/2"]
[WhiteElo "2326"]
[BlackElo "2192"]
[PlyCount "108"]
[EventDate "2012.04.07"]
[SourceDate "2012.04.07"]

1. d4 Nf6 2. c4 e6 3. Nc3 Bb4 4. e3 O-O 5. Nge2 Ne4 6. f3 Nxc3 7. Nxc3 d6 8.
Bd3 e5 9. O-O c6 10. Qc2 h6 11. a3 Bxc3 12. Qxc3 Re8 13. b4 Nd7 14. Bb2 Qe7 15.
dxe5 Qxe5 16. Rfe1 Qxc3 17. Bxc3 Ne5 18. Bf1 f5 19. e4 fxe4 20. Rxe4 Bf5 21.
Rd4 Nf7 22. Kf2 Rad8 23. Rad1 b6 24. h3 Be6 25. f4 Bf5 26. Be2 Bc2 27. Re1 Be4
28. Bf3 Bxf3 29. Rxe8+ Rxe8 30. Kxf3 Re6 31. b5 Re8 32. bxc6 Rc8 33. Re4 Kf8
34. Re6 g5 35. Kg4 Rxc6 36. Kh5 Rxc4 37. Bf6 gxf4 38. Kg6 Ne5+ 39. Kxh6 Rc2 40.
Bg7+ Kg8 41. Re8+ Kf7 42. Rf8+ Ke7 43. Rxf4 Rxg2 44. h4 Rg3 45. a4 Ke6 46. h5
Rh3 47. Kg5 Rg3+ 48. Kh6 Rh3 49. Bf8 Nf7+ 50. Kg6 Rg3+ 51. Kh7 Ng5+ 52. Kh6
Nf7+ 53. Kh7 Ng5+ 54. Kh6 Nf7+ 1/2-1/2